Statistiques concernant les problèmes de l'environnement

Cliquez ici pour prendre le quiz!

Statistiques générales

  • Ce quiz a été pris 6 fois
  • Le résultat moyen est 1 sur 12

Statistiques - réponses

hin Answer % Correct
Notre planète est en dangerour planet is in danger
100%
beaucoup d'animaux sont en train de disparaîtrea lot of animals are disappearing
33%
les scientifiques nous ont conseillé de ne pas utiliser trop souvent la voiturescientists have advised us to not use the car too often
0%
il faudrait réduire la consommation de gaz et d'électricité en utilisant les ampoules de consommation bassewe should reduce the consumption of gas and electricity by using low energy bulbs
0%
il est important d'encourager les gens deit's important to encourage people to
0%
il y a des scientifiques qui pensent que l'effet de serre pourrait provoquer des conséquences graves pour notre mondethere are scientists who think that the Green House effect could provoke serious consequences for our world
0%
les Amis de la Terre est une Association caritativeThe Friends of the Earth is a charitable organisation
0%
de nouveaux records de température sont atteints qui cause plus de tempêtes et de tornadesnew records in temperature have been reached which cause more storms and tornadoes
0%
il faut réutiliser les saca en plastiqueone must re use plastic bags
0%
la destruction de la planète esa un souci réelthe destruction of the planet is a real worry
0%
le niveau de la mer montethe sea level is rising
0%
les grosses vagues commençent à menacer les îlesbig waves are starting to threaten the islands
0%

Distribution des résultats

Percentile by Number Answered

% des personnes avec chaque résultat

Votre développement - résultats

Vous n’avez pas pris ce quiz